000 00689cam a2200265 4500
001 D15366
008 090401t1982 xxu||||| |||| 00| 0 eng d
035 _a(Sirsi) u22237
041 _aeng
050 _a333.33
090 _aRICS 1982/21ABDE
100 _aShort, Peter
245 _aEstate Agents Act 1979: the practitioners companion
260 _aLondon
_bSurveyors Publications
_c1982
300 _a122p. ; 21cm.
350 _a0
650 _aCLIENTS MONEY
650 _aESTATE AGENCY
650 _aESTATE AGENTS ACT 1979
650 _aRICS
700 _aThomas, John
710 _aRoyal Institution of Chartered Surveyors
_94900
942 _n0
948 _c04/03/1997
999 _c88149
_d88149